| 000 | 00740nam a2200253Ia 4500 | ||
|---|---|---|---|
| 008 | 191130s1998##################000#0#eng## | ||
| 020 | _a0792380312 | ||
| 022 | _a97034978 | ||
| 040 |
_aACL _cACL |
||
| 082 | _a330 | ||
| 100 | _aPejovich, Svetozar | ||
| 245 |
_aEconomic analysis of institutions and systems _cSvetozar Pejovich |
||
| 250 | _aRev. 2nd ed | ||
| 260 |
_aDordrecht ; Boston _bKluwer Academic Publishers _c1998 |
||
| 300 | _axiii, 217 p. ; 25 cm | ||
| 500 | _aIncludes bibliographical references and index | ||
| 650 | _aCapitalism | ||
| 650 | _aInstitutional economics | ||
| 650 | _aRight of property | ||
| 650 | _aSocialism | ||
| 990 | _a53d08bb2ac10000c376d68a344d65632 | ||
| 991 | _a26649 | ||
| 999 |
_c156001 _d156001 |
||